| 000 | 00867nam a2200265 a 4500 | ||
|---|---|---|---|
| 001 | vtls001803645 | ||
| 003 | NLI | ||
| 005 | 20210629045816.0 | ||
| 008 | 140215s1817 enkbf 000 0beng | ||
| 039 | 9 |
_y201402152302 _zVLOAD |
|
| 040 |
_a NLI _b eng _c Entertech IMP - 2013 _e AACR2 |
||
| 041 | 0 | _aeng | |
| 044 | _aenk | ||
| 082 | _a64 | ||
| 245 | 0 | 0 |
_aMemoirs relating to European and Asistic Turkey / _cedited from manuscript journals by Robert Walpole |
| 260 |
_aLondon : _bLongman, Hurst, Rees, Orme, and Brown, _c1817 |
||
| 300 |
_a1 p. 1., [ix]-xxii, viii [2], 607 p. : _bplates. (partly fold), maps. ; _c26 cm. |
||
| 651 | 0 |
_aIndia _xBiography _9679644 |
|
| 700 | 1 |
_aWalpole, Robert, _d1781-1856, _4edt _9860692 |
|
| 887 | _a | ||
| 901 | _aIMP45524 | ||
| 902 | _a64 F 8. | ||
| 949 |
_AVIRTUAITEM _D10000 _X100 _6IMP000045524ENG |
||
| 942 |
_2ddc _cBKS |
||
| 999 |
_c1237881 _d1237881 |
||